000 00703nam a22002297a 4500
008 131104b xxu||||| |||| 00| 0 eng d
024 _cAvailable
037 _cAvailable
040 _aMBSTU LIBRARY
_dMBSTU LIBRARY
082 _222
_a956.62002 ALC
100 _aAlexander, Edward.
245 _aA crime of vengeance.
260 _aNew York
_bThe Free Press.
_c1991
300 _a24 cm.
_b218 page
_f1
_g24 cm.
600 _2Armenian massacres 1915-1923.
650 _2Armenian massacres 1915-1923.
700 _aAlexander, Edward.
270 _aNew York
_bNew York
_dUSA
365 _b4000.00
_d4000.00
942 _2ddc
_cBK
999 _c778
_d778